<?xml version="1.0" encoding="UTF-8"?>
<record
    xmlns:xsi="http://www.w3.org/2001/XMLSchema-instance"
    xsi:schemaLocation="http://www.loc.gov/MARC21/slim http://www.loc.gov/standards/marcxml/schema/MARC21slim.xsd"
    xmlns="http://www.loc.gov/MARC21/slim">

  <leader>01741nam a2200313 a 4500</leader>
  <controlfield tag="001">000017013</controlfield>
  <controlfield tag="005">20260312134858.0</controlfield>
  <controlfield tag="008">100312s1982    ve            000 0 spa d</controlfield>
  <datafield tag="020" ind1=" " ind2=" ">
    <subfield code="a">846600095X</subfield>
  </datafield>
  <datafield tag="040" ind1=" " ind2=" ">
    <subfield code="a">DO-SdBNP</subfield>
    <subfield code="b">spa</subfield>
    <subfield code="c">BNPHU</subfield>
  </datafield>
  <datafield tag="082" ind1=" " ind2=" ">
    <subfield code="a">177</subfield>
    <subfield code="b">H831m, 1982</subfield>
  </datafield>
  <datafield tag="100" ind1="1" ind2=" ">
    <subfield code="a">Hostos, Eugenio Mar&#xED;a de,</subfield>
    <subfield code="d">1839-1903</subfield>
    <subfield code="9">1352</subfield>
  </datafield>
  <datafield tag="245" ind1="1" ind2="0">
    <subfield code="a">Moral social :</subfield>
    <subfield code="b">Sociolog&#xED;a /</subfield>
    <subfield code="c">Eugenio Mar&#xED;a de Hostos ; pr&#xF3;logo y cronolog&#xED;a de Manuel Maldonado-Denis.</subfield>
  </datafield>
  <datafield tag="260" ind1=" " ind2=" ">
    <subfield code="a">Caracas :</subfield>
    <subfield code="b">Fundaci&#xF3;n Biblioteca Ayacucho,</subfield>
    <subfield code="c">1982.</subfield>
  </datafield>
  <datafield tag="300" ind1=" " ind2=" ">
    <subfield code="a">XXXVII,481 p. ;</subfield>
    <subfield code="c">23 cm.</subfield>
  </datafield>
  <datafield tag="490" ind1="1" ind2=" ">
    <subfield code="a">Biblioteca Ayacucho</subfield>
    <subfield code="v">97</subfield>
  </datafield>
  <datafield tag="500" ind1=" " ind2=" ">
    <subfield code="a">Incluye Glosario (p. 360-363).</subfield>
  </datafield>
  <datafield tag="500" ind1=" " ind2=" ">
    <subfield code="a">Incluye cronolog&#xED;as (p. 356-473).</subfield>
  </datafield>
  <datafield tag="500" ind1=" " ind2=" ">
    <subfield code="a">Incluye referencias bibliogr&#xE1;ficas y notas al pie de las p&#xE1;ginas</subfield>
  </datafield>
  <datafield tag="504" ind1=" " ind2=" ">
    <subfield code="a">Bibliograf&#xED;a : (p. 477-481)</subfield>
  </datafield>
  <datafield tag="505" ind1=" " ind2=" ">
    <subfield code="a">Eugenio Mar&#xED;a de Hostos : sociologo y maestro antillano --</subfield>
    <subfield code="t">Eugenio Mar&#xED;a de Hostos : fundador de la sociolog&#xED;a iberoamericana --</subfield>
    <subfield code="t">Introducci&#xF3;n metodol&#xF3;gica --</subfield>
    <subfield code="t">Sociolog&#xED;a te&#xF3;rica --</subfield>
    <subfield code="t">Sociolog&#xED;a inductiva --</subfield>
    <subfield code="t">Sociolog&#xED;a deductiva --</subfield>
    <subfield code="t">Sociolog&#xED;a Expositiva --</subfield>
    <subfield code="t">Socionom&#xED;a --</subfield>
    <subfield code="t">Resumen de la sociolog&#xED;a --</subfield>
    <subfield code="t">Moral Social --</subfield>
    <subfield code="t">Relaciones y deberes --</subfield>
    <subfield code="t">La sociedad y sus organos --</subfield>
    <subfield code="t">Exposici&#xF3;n de las relaciones --</subfield>
    <subfield code="t">Clasificaci&#xF3;n de las relaciones --</subfield>
    <subfield code="t">Relaci&#xF3;n de gratitud --</subfield>
    <subfield code="t">Deberes duducidos de la relaciones de derecho --</subfield>
    <subfield code="t">El derecho armado. Deberes que impone --</subfield>
  </datafield>
  <datafield tag="590" ind1=" " ind2=" ">
    <subfield code="a">Inventariado, 2019/VM</subfield>
  </datafield>
  <datafield tag="600" ind1="1" ind2="4">
    <subfield code="a">HOSTOS, EUGENIO MAR&#xCD;A DE</subfield>
    <subfield code="d">1839-1903</subfield>
    <subfield code="c">CRONOLOG&#xCD;A</subfield>
    <subfield code="9">37569</subfield>
  </datafield>
  <datafield tag="650" ind1=" " ind2="0">
    <subfield code="a">&#xC9;tica social </subfield>
    <subfield code="9">1353</subfield>
  </datafield>
  <datafield tag="650" ind1=" " ind2="0">
    <subfield code="a">Sociolog&#xED;a</subfield>
    <subfield code="9">1061</subfield>
  </datafield>
  <datafield tag="700" ind1="1" ind2=" ">
    <subfield code="a">Maldonado-Denis, Manuel,</subfield>
    <subfield code="e">pr&#xF3;l.</subfield>
    <subfield code="9">8036</subfield>
  </datafield>
  <datafield tag="830" ind1=" " ind2="0">
    <subfield code="a">Biblioteca Ayacucho ;</subfield>
    <subfield code="n">97</subfield>
    <subfield code="9">37570</subfield>
  </datafield>
  <datafield tag="910" ind1=" " ind2=" ">
    <subfield code="a">Validado. Control de calidad BNPHU</subfield>
  </datafield>
  <datafield tag="952" ind1=" " ind2=" ">
    <subfield code="0">0</subfield>
    <subfield code="1">0</subfield>
    <subfield code="5">4</subfield>
    <subfield code="7">0</subfield>
    <subfield code="8">MO</subfield>
    <subfield code="a">GR</subfield>
    <subfield code="b">GR</subfield>
    <subfield code="c">HD</subfield>
    <subfield code="d">2010-03-12</subfield>
    <subfield code="i">LF1</subfield>
    <subfield code="l">0</subfield>
    <subfield code="o">177 H831mo</subfield>
    <subfield code="p">17013-10</subfield>
    <subfield code="r">2020-06-25</subfield>
    <subfield code="w">2020-06-25</subfield>
    <subfield code="y">4</subfield>
    <subfield code="Z">Pr&#xE9;stamo en sala</subfield>
  </datafield>
  <datafield tag="999" ind1=" " ind2=" ">
    <subfield code="c">16540</subfield>
    <subfield code="d">16540</subfield>
  </datafield>
</record>
